Vektorovo autoregresné modely v ekonometrii

Vektorovo autoregresné modely a ich využitie pri ekonometrickej analýze. Praktické príklady.

Gespeichert in:
Bibliographische Detailangaben
1. Verfasser: Lukáčik, Martin, 1974-
Format: Buchkapitel
Sprache:Slowakisch
Schlagworte:
Tags: Tag hinzufügen
Keine Tags, Fügen Sie das erste Tag hinzu!

MARC

LEADER 00000naa a2200000 4500
001 0158190
005 20240502072745.5
041 0 |a slo 
044 |a SK 
245 1 0 |a Vektorovo autoregresné modely v ekonometrii  |c Martin Lukáčik 
520 |a Vektorovo autoregresné modely a ich využitie pri ekonometrickej analýze. Praktické príklady. 
610 2 0 |a model Value at Risk 
610 2 0 |a modely ekonometrické 
610 2 0 |a modely regresné 
610 2 0 |a analýza ekonometrická 
100 1 |a Lukáčik, Martin, 1974-